| 000 | 005640000a22001930004500 | ||
|---|---|---|---|
| 020 | _a84-7645-186-5 | ||
| 041 | 0 | _aSPA | |
| 082 | 0 | 4 | _aG 266 G6621e |
| 100 | 1 | _aGordon, A. J. (Adoniram Judson) (1836-1895) | |
| 245 | 1 | 0 | _aEl Espíritu Santo en las misiones / A. J. Gordon ; Sara A. Hale, Traductora |
| 260 | _aTerrassa, Barcelona, España : CLIE | ||
| 300 | _a203 Pag | ||
| 650 | 1 | 4 | _aESPIRITU SANTO \ MISIONES |
| 001 | 7225 | ||
| 942 | _cBK | ||
| 999 |
_c37444 _d37444 |
||
| 336 |
_atexto _btxt _2rdacontent |
||
| 337 |
_2rdamedia _asin mediación _bn |
||
| 338 |
_2rdacarrier _avolumen _bnc |
||